[Event "Calvia Amateur op 12th"]
[Site "Calvia"]
[Date "2015.10.16"]
[Round "7"]
[White "Ferrer Mygina, Juan"]
[Black "Andersen, Claus Nis"]
[Result "1/2-1/2"]
[WhiteElo "1576"]
[BlackElo "1778"]
[PlyCount "96"]
[EventDate "2015.10.10"]
[EventType "swiss"]
[EventRounds "9"]
[EventCountry "ESP"]
[SourceTitle "EXT 2019"]
[Source "ChessBase"]
[SourceDate "2018.10.10"]
[SourceVersion "1"]
[SourceVersionDate "2018.10.10"]
[SourceQuality "1"]

1. d4 Nf6 2. c4 g6 3. Nc3 d5 4. cxd5 Nxd5 5. e4 Nxc3 6. bxc3 Bg7 7. Qa4+ Nd7 8. Nf3 0-0 9. Bg5 c5 10. Rc1 cxd4 11. cxd4 Nf6 12. Bd3 Bg4 13. Ne5 Bc8 14. 0-0 Nd7 15. Nxd7 Bxd7 16. Qb4 Re8 17. d5 h6 18. Bh4 g5 19. Bg3 e5 20. dxe6 Bxe6 21. Rfd1 Rc8 22. Bf1 Rxc1 23. Rxd8 Rxd8 24. Bd6 Bc4 25. h3 Rxf1+ 26. Kh2 b5 27. e5 Re8 28. a4 a6 29. axb5 axb5 30. Qc5 Re1 31. Qc6 Re6 32. Qc8+ Kh7 33. Kg3 Bxe5+ 34. Bxe5 R6xe5 35. Qf8 R1e2 36. f3 Ra2 37. Kg4 Ree2 38. Kh5 Rxg2 39. Qxh6+ Kg8 40. Qf6 Rad2 41. Kh6 Kf8 42. Qh8+ Ke7 43. Qe5+ Be6 44. Qxb5 Rb2 45. Qe5 Rbc2 46. Kg7 Rcd2 47. Qc7+ Rd7 48. Qc5+ Rd6 1/2-1/2

[Event "Calvia Amateur op 12th"]
[Site "Calvia"]
[Date "2015.10.10"]
[Round "1"]
[White "Cip, Dalibor"]
[Black "Andersen, Claus Nis"]
[Result "0-1"]
[WhiteElo "2146"]
[BlackElo "1778"]
[PlyCount "94"]
[EventDate "2015.10.10"]
[EventType "swiss"]
[EventRounds "9"]
[EventCountry "ESP"]
[SourceTitle "EXT 2017"]
[Source "ChessBase"]
[SourceDate "2016.10.25"]
[SourceVersion "1"]
[SourceVersionDate "2016.10.25"]
[SourceQuality "1"]

1. c4 Nf6 2. g3 g6 3. Bg2 Bg7 4. Nf3 0-0 5. 0-0 d5 6. cxd5 Nxd5 7. Nc3 Nxc3 8. bxc3 c6 9. d4 Nd7 10. e4 e5 11. Bg5 Qa5 12. Be7 Re8 13. Bb4 Qc7 14. Re1 Nb6 15. a4 a5 16. Bc5 Bg4 17. Rb1 Nd7 18. Ba3 Rad8 19. Bb2 exd4 20. cxd4 Ne5 21. d5 Nxf3+ 22. Bxf3 Bxf3 23. Qxf3 Bxb2 24. Rxb2 cxd5 25. Reb1 dxe4 26. Qf4 Qxf4 27. gxf4 Rd4 28. Rxb7 Rxa4 29. Ra7 e3 30. fxe3 Rxe3 31. f5 Rf3 32. fxg6 hxg6 33. Kg2 Rf5 34. Kg3 Ra3+ 35. Kg4 Ra2 36. Kg3 Kg7 37. Rbb7 Ra1 38. Kg2 g5 39. Rb6 a4 40. Rba6 Rf4 41. Ra5 Kg6 42. Ra8 Ra2+ 43. Kg3 Ra3+ 44. Kg2 Rg4+ 45. Kf2 Kg7 46. Rf5 Kg6 47. Rfa5 Rb4 0-1

[Event "Politiken Cup 35th"]
[Site "Helsingor"]
[Date "2013.08.03"]
[Round "9"]
[White "Jorgensen, Orla Eilegaard"]
[Black "Andersen, Claus Nis"]
[Result "0-1"]
[WhiteElo "1614"]
[BlackElo "1806"]
[PlyCount "44"]
[EventDate "2013.07.27"]
[EventType "swiss"]
[EventRounds "10"]
[EventCountry "DEN"]
[SourceTitle "CBM 155 Extra"]
[Source "ChessBase"]
[SourceDate "2013.08.26"]
[SourceVersion "1"]
[SourceVersionDate "2013.08.26"]
[SourceQuality "1"]

1. Nf3 Nf6 2. d4 g6 3. Bg5 Bg7 4. Bxf6 Bxf6 5. c4 c5 6. e3 Nc6 7. Nc3 0-0 8. Qd2 d6 9. h3 cxd4 10. exd4 Bf5 11. g4 Bd7 12. g5 Bg7 13. h4 Bg4 14. Be2 Rb8 15. Nh2 Bxe2 16. Nxe2 Qb6 17. Nf3 e5 18. dxe5 dxe5 19. Rb1 e4 20. Nh2 Ne5 21. Qc2 Nd3+ 22. Kd2 Rbd8 0-1

[Event "Politiken Cup 33rd"]
[Site "Helsingor"]
[Date "2011.08.05"]
[Round "8"]
[White "Andersen, Claus Nis"]
[Black "Hjornevik, Knut Jarle"]
[Result "0-1"]
[WhiteElo "1811"]
[BlackElo "1959"]
[PlyCount "102"]
[EventDate "2011.07.30"]
[EventType "swiss"]
[EventRounds "10"]
[EventCountry "DEN"]
[SourceTitle "CBM 143 Extra"]
[Source "ChessBase"]
[SourceDate "2011.08.29"]
[SourceVersion "1"]
[SourceVersionDate "2011.08.29"]
[SourceQuality "1"]

1. d4 d5 2. Nf3 Nc6 3. c3 Nf6 4. Bg5 e6 5. e3 Be7 6. Bd3 0-0 7. Qc2 h6 8. Bh4 a6 9. Nbd2 Nd7 10. Bxe7 Qxe7 11. g4 e5 12. dxe5 Ndxe5 13. Bf5 Nxg4 14. Bxg4 Bxg4 15. Rg1 Bh5 16. Qf5 Bg6 17. Qxd5 Kh7 18. 0-0-0 Rfd8 19. Qc4 Ne5 20. Nxe5 Qxe5 21. Qh4 Rd6 22. Nc4 Qf5 23. e4 Rxd1+ 24. Rxd1 Qe6 25. b3 f5 26. Qg3 Qxe4 27. f4 Re8 28. Rg1 Qc6 29. Ne5 Rxe5 30. fxe5 f4 31. Qe1 Bf5 32. h4 Qc5 33. Rf1 Qa3+ 34. Kd1 Qxa2 35. Rf2 Qxb3+ 36. Ke2 g5 37. hxg5 hxg5 38. Kf1 Kg6 39. Kg1 Qd5 40. Qe2 Be4 41. Qg4 Qxe5 42. Rh2 Qc5+ 43. Rf2 Bf5 44. Qe2 Qc6 45. Qa2 Qe6 46. Qd2 Bh3 47. Qd3+ Kh5 48. Qh7+ Kg4 49. Qb1 Qe3 50. Qd1+ Kg3 51. c4 Qxf2+ 0-1

[Event "Politiken Cup 33rd"]
[Site "Helsingor"]
[Date "2011.08.01"]
[Round "4"]
[White "Andersen, Claus Nis"]
[Black "Christensen, Klaus"]
[Result "0-1"]
[WhiteElo "1811"]
[BlackElo "2044"]
[PlyCount "36"]
[EventDate "2011.07.30"]
[EventType "swiss"]
[EventRounds "10"]
[EventCountry "DEN"]
[SourceTitle "CBM 143 Extra"]
[Source "ChessBase"]
[SourceDate "2011.08.29"]
[SourceVersion "1"]
[SourceVersionDate "2011.08.29"]
[SourceQuality "1"]

1. d4 d5 2. c4 c6 3. cxd5 cxd5 4. Nc3 Nf6 5. Nf3 Nc6 6. Bf4 e6 7. e3 Bd6 8. Ne5 0-0 9. Nxc6 bxc6 10. Bxd6 Qxd6 11. Bd3 e5 12. dxe5 Qxe5 13. h3 d4 14. Ne2 dxe3 15. 0-0 exf2+ 16. Rxf2 Be6 17. Nc3 Rfd8 18. Qc2 Bxh3 0-1

[Event "Politiken Cup 33rd"]
[Site "Helsingor"]
[Date "2011.07.31"]
[Round "2"]
[White "Andersen, Claus Nis"]
[Black "Brastein, Ragnar"]
[Result "1-0"]
[WhiteElo "1811"]
[BlackElo "1000"]
[PlyCount "81"]
[EventDate "2011.07.30"]
[EventType "swiss"]
[EventRounds "10"]
[EventCountry "DEN"]
[SourceTitle "CBM 143 Extra"]
[Source "ChessBase"]
[SourceDate "2011.08.29"]
[SourceVersion "1"]
[SourceVersionDate "2011.08.29"]
[SourceQuality "1"]

1. d4 d5 2. c4 e6 3. Nc3 Nf6 4. cxd5 exd5 5. Bg5 Be7 6. e3 Bf5 7. Qb3 b6 8. Bxf6 Bxf6 9. Qxd5 Qxd5 10. Nxd5 Bd8 11. Rc1 c6 12. Nb4 Bd7 13. Be2 a5 14. Nd3 Be7 15. Bf3 Ra7 16. Ne2 0-0 17. 0-0 Rc8 18. Rfd1 Rac7 19. Ne5 c5 20. d5 Bf6 21. Nc4 Rb7 22. Nd6 Rbc7 23. Nxc8 Rxc8 24. b3 Bf5 25. Ng3 Bg6 26. Ne4 Bxe4 27. Bxe4 Nd7 28. Bf5 Rd8 29. f4 g6 30. Bh3 Bg7 31. Bxd7 Rxd7 32. Kf2 f5 33. Kf3 Bf6 34. Rc4 Kg7 35. e4 fxe4+ 36. Rxe4 Rd6 37. Re6 Rxe6 38. dxe6 Kf8 39. Rd7 Be7 40. Ke4 Ke8 41. g4 1-0

[Event "Politiken Cup 32nd"]
[Site "Copenhagen"]
[Date "2010.08.08"]
[Round "10"]
[White "Jacobsen, Per"]
[Black "Andersen, Claus Nis"]
[Result "0-1"]
[WhiteElo "1689"]
[BlackElo "1839"]
[PlyCount "52"]
[EventDate "2010.07.31"]
[EventType "swiss"]
[EventRounds "10"]
[EventCountry "DEN"]
[SourceTitle "CBM 137 Extra"]
[Source "ChessBase"]
[SourceDate "2010.09.01"]
[SourceVersion "1"]
[SourceVersionDate "2010.09.01"]
[SourceQuality "1"]

1. b3 e5 2. Bb2 Nc6 3. e3 Nf6 4. Bb5 d6 5. d4 exd4 6. exd4 Bd7 7. Nf3 Qe7+ 8. Qe2 Qxe2+ 9. Bxe2 Nb4 10. Na3 Be7 11. 0-0 0-0 12. c3 Nbd5 13. Bc4 Nf4 14. Rae1 Rae8 15. Nb5 Bxb5 16. Bxb5 c6 17. Bc4 d5 18. Be2 Bd6 19. Bd1 Nd3 20. Rxe8 Rxe8 21. Ba1 Ba3 22. Bc2 Nc1 23. Bb1 Re2 24. Re1 Ne4 25. Rxe2 Nxe2+ 26. Kf1 N2xc3 0-1